000 00848cam a2200229 a 4500
003 UPN
005 20220921063623.0
008 020815s1994 mx frm 000 0 spa d
035 _aUPN01000118222
040 _aMX-MxUPN
_bspa
_cMX-MxUPN
049 _aCG
050 4 _aB52
_bC34 1994
100 1 _aCastillo Sandoval, Antonio
_946558
245 1 3 _aLa enseñanza de la filosofía en el Colegio de Ciencias y Humanidades :
_banálisis de un caso
260 _aMéxico :
_bA. Castillo Sandoval,
_c1994.
300 _a171 hojas
502 _aTesina (Lic. en Pedagogía) -- Universidad Nacional Autónoma de México. Facultad de Filosofía y Letras. Colegio de Pedagogía, 1994
650 7 _aFilosofía
_xEstudio y enseñanza (Media superior)
_2
_925222
700 1 _946559
_aBataller Sala, Claudia
_easesora
905 _aLibro
942 _2lcc
_cLIBRO
999 _c90600
_d90600